[Event "Kosice op"]
[Site "Kosice"]
[Date "1995.??.??"]
[Round "?"]
[White "Najgebauer, Szemjon"]
[Black "Shemyakin, Arkady"]
[Result "0-1"]
[WhiteElo "2120"]
[BlackElo "2240"]
[PlyCount "130"]
[EventDate "1995.??.??"]
[EventType "swiss"]
[EventRounds "9"]
[EventCountry "SVK"]
[SourceTitle "EXT 2000"]
[Source "ChessBase"]
[SourceDate "1999.11.16"]
[SourceVersion "1"]
[SourceVersionDate "1999.11.16"]
[SourceQuality "1"]

1. d4 d5 2. c4 Bf5 3. cxd5 Bxb1 4. Qa4+ c6 5. Rxb1 Qxd5 6. Nf3 Nd7 7. a3 Ngf6 8. Qc2 e6 9. e3 Bd6 10. Bd3 Qh5 11. h3 0-0 12. e4 e5 13. 0-0 exd4 14. Nxd4 Nc5 15. Nf5 Nxd3 16. Qxd3 Bc7 17. Qc3 Rfe8 18. g4 Qg6 19. f3 Nh5 20. Qb4 Ng3 21. Nxg3 Bxg3 22. Be3 b6 23. Rbd1 h5 24. Kg2 c5 25. Qc4 Be5 26. Rd2 hxg4 27. hxg4 Rad8 28. Rfd1 Rxd2+ 29. Rxd2 Qh7 30. f4 Bd4 31. Bxd4 Qxe4+ 32. Kg3 Qe1+ 33. Rf2 cxd4 34. Qxd4 Qg1+ 35. Kf3 Re6 36. Qd8+ Kh7 37. Qd3+ g6 38. Qf1 Qxf1 39. Rxf1 Kg7 40. Rd1 a6 41. Rd2 Kf6 42. Rd7 Rc6 43. Rd2 a5 44. Ke4 Ke6 45. f5+ gxf5+ 46. gxf5+ Kf6 47. Rd4 Kg5 48. Rd5 Rc4+ 49. Ke3 Rc5 50. Rd7 Rxf5 51. b4 axb4 52. axb4 f6 53. Kd4 Rf4+ 54. Kc3 Re4 55. Rd5+ f5 56. Rd6 f4 57. Rxb6 f3 58. Rb8 f2 59. Rg8+ Kh4 60. Rf8 Kg3 61. Kd3 Rxb4 62. Ke3 Rb3+ 63. Ke2 Rb2+ 64. Ke3 Kg2 65. Ra8 Rb3+ 0-1

[Event "Kosice op"]
[Site "Kosice"]
[Date "1995.??.??"]
[Round "?"]
[White "Shemyakin, Arkady"]
[Black "Demeter, Peter"]
[Result "0-1"]
[WhiteElo "2240"]
[BlackElo "2330"]
[PlyCount "110"]
[EventDate "1995.??.??"]
[EventType "swiss"]
[EventRounds "9"]
[EventCountry "SVK"]
[SourceTitle "EXT 2000"]
[Source "ChessBase"]
[SourceDate "1999.11.16"]
[SourceVersion "1"]
[SourceVersionDate "1999.11.16"]
[SourceQuality "1"]

1. d4 d5 2. c4 e6 3. Nc3 Nf6 4. cxd5 exd5 5. Bg5 Be7 6. e3 0-0 7. Bd3 Re8 8. Bxf6 Bxf6 9. Qh5 g6 10. Qxd5 Bxd4 11. Nge2 Bg7 12. 0-0 Qe7 13. Qb3 c6 14. Rad1 Nd7 15. Bb1 Nb6 16. Nd4 Bg4 17. Rd2 Rad8 18. h3 Bc8 19. Rfd1 c5 20. Nde2 Rxd2 21. Rxd2 Be6 22. Qc2 Nc4 23. Nd5 Bxd5 24. Rxd5 Nxe3 25. fxe3 Qxe3+ 26. Kf1 Bd4 27. Rxd4 cxd4 28. Qd3 Qe5 29. Qd2 Re6 30. Ng1 Rd6 31. Nf3 Qf6 32. Be4 b6 33. a3 Kg7 34. Kf2 h6 35. Bd3 Qd8 36. Qf4 f5 37. h4 Rd5 38. Bc4 Qd6 39. Qd2 Rc5 40. Nxd4 Kf6 41. Qc3 Qe5 42. a4 a6 43. Qd3 Qf4+ 44. Ke2 Re5+ 45. Kd1 Re3 46. Qd2 Re4 47. Nf3 Rxc4 48. Qd8+ Ke6 49. Qe8+ Kd5 50. Qxg6 Qc1+ 51. Ke2 Rc2+ 52. Kd3 Qd1+ 53. Ke3 Qe2+ 54. Kf4 Qe4+ 55. Kg3 f4+ 0-1